| 000 | 00464nam a2200169Ia 4500 | ||
|---|---|---|---|
| 003 | GCL | ||
| 008 | 140319s9999 xx 000 0 ara d | ||
| 040 |
_aGCL / _cGCL |
||
| 082 | 0 | 4 |
_a414 _bا د |
| 100 | 1 | _aاحمد حسن الزيات | |
| 245 | 1 | 0 |
_aدفاع عن البلاغة / _cاحمد حسن الزيات |
| 300 |
_a164 ص ؛ _c20 سم |
||
| 650 | 0 | 4 | _aاللغة العربية |
| 650 | 0 | 4 | _aالبلاغة |
| 650 | 0 | 4 | _aالبديع |
| 942 |
_2ddc _cBK |
||
| 999 |
_c42286 _d42286 |
||